<The> Impacts of innovation activities on dynamisation of SMEs in services
Na minha lista:
| Autor principal: | |
|---|---|
| Outros Autores: | , |
| Formato: | Capítulo de Livro |
| Idioma: | inglês |
| Tags: |
Sem tags, seja o primeiro a adicionar uma tag!
|
MARC
| LEADER | 00000nla a2200000 4500 | ||
|---|---|---|---|
| 001 | 0207719 | ||
| 005 | 20240502083519.5 | ||
| 041 | 0 | |a eng | |
| 044 | |a UA | ||
| 245 | 1 | 0 | |a <The> Impacts of innovation activities on dynamisation of SMEs in services |c Viera Kubičková, Monika Krošláková, Daniela Breveníková |
| 500 | |a Abstrakt | ||
| 100 | 1 | |a Kubičková, Viera, 1970- | |
| 700 | 1 | |a Krošláková, Monika, 1975- | |
| 700 | 1 | |a Breveníková, Daniela | |